[Event "Chigorin Memorial 27th"]
[Site "St Petersburg"]
[Date "2019.10.07"]
[Round "3"]
[White "Sinitsina, Anastassia"]
[Black "Sorokin, Artem"]
[Result "1-0"]
[WhiteElo "2163"]
[BlackElo "1904"]
[PlyCount "67"]
[EventDate "2019.10.05"]
[EventType "swiss"]
[EventRounds "9"]
[EventCountry "RUS"]
[SourceTitle "EXT 2020"]
[Source "ChessBase"]
[SourceDate "2019.10.17"]
[SourceVersion "1"]
[SourceVersionDate "2019.10.17"]
[SourceQuality "1"]

1. Nf3 Nf6 2. c4 e6 3. g3 c5 4. Bg2 Nc6 5. 0-0 Be7 6. b3 0-0 7. Bb2 d6 8. Nc3 h6 9. e3 Rb8 10. Qe2 a6 11. d4 b5 12. dxc5 dxc5 13. Rfd1 Qb6 14. Nd2 Bb7 15. cxb5 axb5 16. Qxb5 Qxb5 17. Nxb5 Nb4 18. Bxb7 Rxb7 19. a4 Nd3 20. Nc4 Nxb2 21. Nxb2 Nd5 22. Nc4 Rfb8 23. e4 Nc7 24. Na5 Nxb5 25. Nxb7 Rxb7 26. axb5 Rxb5 27. Rd3 Bf6 28. Rc1 Kf8 29. Kf1 Ke7 30. Ke2 g6 31. Rc4 Be5 32. f4 Bc7 33. Ra4 Kf6 34. Ra7 1-0

[Event "St Petersburg Korchnoi Memorial op"]
[Site "St Petersburg"]
[Date "2019.08.14"]
[Round "1"]
[White "Sorokin, Artem"]
[Black "Yatzenko, Anton"]
[Result "0-1"]
[WhiteElo "1898"]
[BlackElo "2360"]
[PlyCount "70"]
[EventDate "2019.08.14"]
[EventType "swiss"]
[EventRounds "9"]
[EventCountry "RUS"]
[SourceTitle "CBM 192"]
[Source "ChessBase"]
[SourceDate "2019.10.31"]
[SourceVersion "1"]
[SourceVersionDate "2019.10.31"]
[SourceQuality "1"]

1. e4 d6 2. d4 Nf6 3. Nc3 e5 4. Nf3 Nbd7 5. Bc4 Be7 6. 0-0 0-0 7. a4 c6 8. Re1 Qc7 9. b3 exd4 10. Nxd4 Ne5 11. Be2 Re8 12. Bb2 Bf8 13. h3 Bd7 14. Qd2 Rad8 15. f4 Ng6 16. Bd3 Bc8 17. Kh2 a6 18. Nf3 d5 19. e5 Nd7 20. Nd4 f6 21. Bxg6 hxg6 22. exf6 Nxf6 23. Rxe8 Rxe8 24. Nf3 Bd6 25. g3 Bf5 26. Ng5 Qe7 27. Rd1 Qe3 28. Qxe3 Rxe3 29. Rd2 Bb4 30. Re2 Rxe2+ 31. Nxe2 Bxc2 32. Nd4 Bd1 33. Kg2 c5 34. Ndf3 Bxb3 35. Ne5 c4 0-1